000 00297nam a22001337a 4500
008 171108b xxu||||| |||| 00| 0 eng d
020 _a0138227675
041 _aeng
080 _a330.322
100 _a64
101 _aINV
245 _aTHE SOPHISTICATED INVESTOR
_cCHURCH,A.M
942 _2udc
_cBK
999 _c38206
_d38206